| 000 | 00557nam a2200145 a 4500 | ||
|---|---|---|---|
| 008 | 120416s1995 ||||||||||||||||| || u | ||
| 050 | _aINASP(05) | ||
| 245 | 1 | 0 |
_aScience Publishing in Latin America _cedited by Ard Jongsma |
| 246 | _aGuadalajara workshop draws Latin American and Caribbean editors closer together | ||
| 250 | _ano. 4 | ||
| 260 |
_aLondon _bINASP _c1995 |
||
| 300 | _a11p. : ill. | ||
| 350 | _a0.00 | ||
| 995 |
_D0.00 _FCBU-MAIN LIBRARY (Kitwe) _H1 _I0.00 _UAVAILABLE _ZInternational Publications |
||
| 999 |
_c57114 _d57114 |
||